[Event "blitmenteam"]
[Site "?"]
[Date "2016.10.07"]
[Round "1.13"]
[White "Shcherbakov, Ruslan"]
[Black "Savchenko, Boris"]
[Result "1/2-1/2"]
[LiveChessVersion "1.4.4"]
[BlackElo "2626"]
[WhiteElo "2493"]

1. e4 {[%clk 0:03:02]} c5 {[%clk 0:03:03]} 2. Nf3 {[%clk 0:03:03]} g6
{[%clk 0:03:04]} 3. c3 {[%clk 0:03:04]} Bg7 {[%clk 0:03:04]} 4. d4
{[%clk 0:03:04]} cxd4 5. cxd4 {[%clk 0:03:05]} d5 {[%clk 0:03:06]} 6. e5
{[%clk 0:03:06]} Bg4 {[%clk 0:03:06]} 7. Bb5+ {[%clk 0:03:02]} Nd7
{[%clk 0:03:07]} 8. O-O {[%clk 0:02:56]} a6 {[%clk 0:03:05]} 9. Bd3
{[%clk 0:02:53]} e6 {[%clk 0:03:04]} 10. h3 {[%clk 0:02:25]} Bxf3 11. Qxf3
{[%clk 0:02:26]} Ne7 {[%clk 0:03:04]} 12. Nc3 {[%clk 0:02:20]} Nc6
{[%clk 0:03:03]} 13. Be3 {[%clk 0:02:07]} Ndxe5 {[%clk 0:02:36]} 14. dxe5
{[%clk 0:02:08]} d4 {[%clk 0:02:37]} 15. Rad1 {[%clk 0:01:46]} dxe3
{[%clk 0:02:28]} 16. Bxg6 {[%clk 0:00:52]} Qc7 {[%clk 0:02:01]} 17. Be4
{[%clk 0:00:38]} exf2+ {[%clk 0:01:44]} 18. Rxf2 {[%clk 0:00:38]} Nxe5 19. Qg3
O-O {[%clk 0:01:38]} 20. Kh1 {[%clk 0:00:39]} Rad8 {[%clk 0:01:32]} 21. Rdf1
{[%clk 0:00:40]} f5 {[%clk 0:01:29]} 22. Bc2 {[%clk 0:00:40]} Kh8
{[%clk 0:01:14]} 23. Bb3 {[%clk 0:00:42]} Qc6 {[%clk 0:01:09]} 24. Ne2
{[%clk 0:00:32]} Rd3 {[%clk 0:01:08]} 25. Qh4 {[%clk 0:00:19]} Ng6
{[%clk 0:01:03]} 26. Qh5 {[%clk 0:00:20]} Be5 {[%clk 0:00:58]} 27. Ng1
{[%clk 0:00:16]} Bc7 {[%clk 0:00:37]} 28. Nf3 {[%clk 0:00:10]} Qd6
{[%clk 0:00:38]} 29. Rc2 {[%clk 0:00:06]} Kg7 {[%clk 0:00:32]} 30. Re1
{[%clk 0:00:06]} Rf6 {[%clk 0:00:17]} 1/2-1/2

[Event "blitmenteam"]
[Site "?"]
[Date "2016.10.07"]
[Round "1.14"]
[White "Bocharov, Dmitry"]
[Black "Salemgareev, Tagir"]
[Result "1/2-1/2"]
[LiveChessVersion "1.4.4"]
[BlackElo "2149"]
[WhiteElo "2660"]

1. d4 {[%clk 0:03:03]} d5 {[%clk 0:03:03]} 2. c4 {[%clk 0:03:03]} c6
{[%clk 0:03:04]} 3. Nf3 {[%clk 0:03:04]} Nf6 {[%clk 0:03:05]} 4. e3
{[%clk 0:03:05]} Bf5 {[%clk 0:03:06]} 5. Nc3 {[%clk 0:03:06]} e6 {[%clk 0:03:07]}
6. Nh4 {[%clk 0:03:07]} Bg6 {[%clk 0:03:08]} 7. Nxg6 hxg6 {[%clk 0:03:09]} 8. Bd3
{[%clk 0:03:07]} Nbd7 {[%clk 0:03:09]} 9. Bd2 {[%clk 0:03:08]} Bd6
{[%clk 0:03:06]} 10. Qe2 {[%clk 0:03:08]} Qe7 {[%clk 0:02:20]} 11. Rc1
{[%clk 0:02:56]} dxc4 {[%clk 0:01:47]} 12. Bxc4 {[%clk 0:02:56]} Nb6
{[%clk 0:01:48]} 13. Bb3 {[%clk 0:02:49]} e5 {[%clk 0:01:42]} 14. dxe5
{[%clk 0:02:24]} Bxe5 {[%clk 0:01:42]} 15. h3 {[%clk 0:02:08]} O-O
{[%clk 0:01:40]} 16. O-O {[%clk 0:02:05]} Rad8 {[%clk 0:01:40]} 17. Rfd1
{[%clk 0:01:59]} Rd7 {[%clk 0:01:08]} 18. Be1 {[%clk 0:01:56]} Rxd1
{[%clk 0:01:04]} 19. Rxd1 {[%clk 0:01:52]} Rd8 {[%clk 0:01:04]} 20. Rd3
{[%clk 0:01:48]} Bxc3 {[%clk 0:00:38]} 21. Rxd8+ {[%clk 0:01:39]} Qxd8
{[%clk 0:00:39]} 22. Bxc3 {[%clk 0:01:39]} Nbd5 {[%clk 0:00:39]} 23. Qd3
{[%clk 0:01:33]} Qb6 {[%clk 0:00:26]} 24. Bd2 {[%clk 0:01:06]} a5
{[%clk 0:00:14]} 25. e4 {[%clk 0:00:54]} Nb4 {[%clk 0:00:15]} 26. Qc4
{[%clk 0:00:53]} Qc7 {[%clk 0:00:14]} 27. a3 {[%clk 0:00:35]} Na6
{[%clk 0:00:15]} 28. Bc3 {[%clk 0:00:33]} b5 {[%clk 0:00:13]} 29. Qd4
{[%clk 0:00:26]} a4 {[%clk 0:00:13]} 30. Ba2 {[%clk 0:00:25]} c5 {[%clk 0:00:13]}
31. Qe3 {[%clk 0:00:22]} b4 {[%clk 0:00:12]} 32. Bxf6 {[%clk 0:00:16]} gxf6
{[%clk 0:00:13]} 33. Bc4 {[%clk 0:00:16]} Nb8 {[%clk 0:00:12]} 34. Qh6
{[%clk 0:00:17]} Nc6 {[%clk 0:00:09]} 35. Qxg6+ {[%clk 0:00:17]} Kf8
{[%clk 0:00:11]} 36. Qxf6 {[%clk 0:00:16]} Ne5 {[%clk 0:00:11]} 37. Bd5
{[%clk 0:00:08]} bxa3 {[%clk 0:00:09]} 38. bxa3 {[%clk 0:00:07]} c4 39. f4 Ng6
{[%clk 0:00:12]} 40. Qc3 {[%clk 0:00:06]} Nxf4 {[%clk 0:00:13]} 41. Qxc4
{[%clk 0:00:06]} Qe5 {[%clk 0:00:13]} 42. Qxa4 {[%clk 0:00:06]} Qa1+
{[%clk 0:00:13]} 43. Kh2 {[%clk 0:00:07]} Ne2 {[%clk 0:00:13]} 44. Qa8+
{[%clk 0:00:06]} Kg7 {[%clk 0:00:14]} 45. Qa7 {[%clk 0:00:06]} Qe5+
{[%clk 0:00:16]} 46. Kh1 {[%clk 0:00:07]} Qa1+ 47. Kh2 Qe5+ {[%clk 0:00:18]} 48.
Kh1 {[%clk 0:00:10]} Qa1+ {[%clk 0:00:19]} 49. Kh2 {[%clk 0:00:11]} 1/2-1/2

[Event "blitmenteam"]
[Site "?"]
[Date "2016.10.07"]
[Round "1.15"]
[White "Scherbakov, Mikhail"]
[Black "Evdokimov, Alexander A."]
[Result "0-1"]
[LiveChessVersion "1.4.4"]
[BlackElo "2524"]
[WhiteElo "1986"]

1. e4 {[%clk 0:03:03]} c5 {[%clk 0:03:02]} 2. Nf3 {[%clk 0:03:03]} Nc6
{[%clk 0:03:04]} 3. Bb5 {[%clk 0:03:04]} g6 {[%clk 0:03:05]} 4. Bxc6
{[%clk 0:03:05]} bxc6 {[%clk 0:03:06]} 5. O-O {[%clk 0:02:57]} Bg7
{[%clk 0:03:07]} 6. Re1 {[%clk 0:02:55]} Nh6 {[%clk 0:02:55]} 7. h3
{[%clk 0:02:54]} O-O {[%clk 0:02:52]} 8. c3 {[%clk 0:02:53]} f6 {[%clk 0:02:51]}
9. d4 {[%clk 0:02:53]} cxd4 {[%clk 0:02:50]} 10. cxd4 {[%clk 0:02:53]} Nf7
{[%clk 0:02:50]} 11. Nc3 {[%clk 0:02:54]} d6 {[%clk 0:02:50]} 12. Be3
{[%clk 0:02:30]} Bd7 {[%clk 0:02:47]} 13. Qe2 {[%clk 0:02:24]} Qa5
{[%clk 0:02:39]} 14. Rab1 {[%clk 0:02:24]} Rab8 {[%clk 0:02:34]} 15. Rec1
{[%clk 0:02:24]} Rfc8 {[%clk 0:02:24]} 16. Bd2 {[%clk 0:02:15]} Qb6
{[%clk 0:02:19]} 17. Be3 {[%clk 0:02:13]} Qa5 {[%clk 0:02:12]} 18. Bd2
{[%clk 0:02:13]} Qd8 {[%clk 0:02:10]} 19. Be3 {[%clk 0:02:06]} Rb7
{[%clk 0:02:10]} 20. Qa6 {[%clk 0:01:52]} Rcb8 {[%clk 0:02:02]} 21. b3
{[%clk 0:01:53]} Qb6 {[%clk 0:01:36]} 22. Qd3 {[%clk 0:01:40]} Qa5
{[%clk 0:01:37]} 23. Nd2 {[%clk 0:01:30]} f5 {[%clk 0:01:32]} 24. Nc4
{[%clk 0:01:28]} Qd8 {[%clk 0:01:26]} 25. f3 {[%clk 0:01:09]} Rb4
{[%clk 0:01:06]} 26. d5 {[%clk 0:00:43]} fxe4 {[%clk 0:00:45]} 27. fxe4
{[%clk 0:00:43]} c5 {[%clk 0:00:46]} 28. Nd2 {[%clk 0:00:21]} Ne5
{[%clk 0:00:47]} 29. Qa6 {[%clk 0:00:22]} Qc7 {[%clk 0:00:41]} 30. Nc4
{[%clk 0:00:20]} Nxc4 {[%clk 0:00:40]} 31. bxc4 {[%clk 0:00:20]} Bxc3
{[%clk 0:00:40]} 0-1

[Event "blitmenteam"]
[Site "?"]
[Date "2016.10.07"]
[Round "1.16"]
[White "Zablotsky, Sergei"]
[Black "Gilyazov, Amir"]
[Result "1-0"]
[LiveChessVersion "1.4.4"]
[BlackElo "2252"]
[WhiteElo "2519"]

1. d4 {[%clk 0:03:04]} Nf6 {[%clk 0:03:03]} 2. c4 {[%clk 0:03:04]} e6
{[%clk 0:03:03]} 3. g3 {[%clk 0:03:03]} d5 {[%clk 0:03:00]} 4. Nf3
{[%clk 0:03:04]} Be7 {[%clk 0:03:00]} 5. Bg2 {[%clk 0:03:04]} O-O
{[%clk 0:02:59]} 6. O-O {[%clk 0:03:04]} Nbd7 {[%clk 0:02:58]} 7. Qc2
{[%clk 0:02:58]} c6 {[%clk 0:02:49]} 8. b3 {[%clk 0:02:58]} b6 {[%clk 0:02:48]}
9. Nc3 {[%clk 0:02:58]} Bb7 {[%clk 0:02:48]} 10. Rd1 {[%clk 0:02:54]} Rc8
{[%clk 0:02:44]} 11. Bb2 {[%clk 0:02:55]} Qc7 {[%clk 0:02:28]} 12. e4
{[%clk 0:02:56]} dxe4 {[%clk 0:02:03]} 13. Nxe4 {[%clk 0:02:56]} Nxe4
{[%clk 0:01:50]} 14. Qxe4 {[%clk 0:02:56]} Bf6 {[%clk 0:01:50]} 15. Ne5
{[%clk 0:02:43]} Nxe5 {[%clk 0:01:12]} 16. dxe5 {[%clk 0:02:43]} Be7
{[%clk 0:01:13]} 17. Bd4 {[%clk 0:02:05]} Rb8 {[%clk 0:01:03]} 18. c5
{[%clk 0:02:05]} bxc5 {[%clk 0:01:00]} 19. Be3 {[%clk 0:02:05]} Rfd8
{[%clk 0:00:53]} 20. f4 {[%clk 0:01:37]} Bc8 {[%clk 0:00:42]} 21. Qxc6
{[%clk 0:01:29]} Qxc6 {[%clk 0:00:37]} 22. Rxd8+ {[%clk 0:01:29]} Bxd8
{[%clk 0:00:38]} 23. Bxc6 {[%clk 0:01:29]} Be7 {[%clk 0:00:37]} 24. Rc1
{[%clk 0:01:27]} g6 {[%clk 0:00:13]} 25. Kf2 {[%clk 0:01:27]} Rb6
{[%clk 0:00:10]} 26. Ba4 {[%clk 0:01:10]} Rb4 {[%clk 0:00:05]} 27. Bxc5
{[%clk 0:00:58]} Bxc5+ {[%clk 0:00:06]} 28. Rxc5 {[%clk 0:00:59]} Ba6
{[%clk 0:00:07]} 29. Rc7 {[%clk 0:00:50]} Rd4 {[%clk 0:00:03]} 30. Rxa7
{[%clk 0:00:43]} Rd2+ {[%clk 0:03:02]} 1-0

[Event "blitmenteam"]
[Site "?"]
[Date "2016.10.07"]
[Round "1.17"]
[White "Fedoseev, Vladimir"]
[Black "Ponomarenko, Alexandr"]
[Result "1-0"]
[LiveChessVersion "1.4.4"]
[BlackElo "2220"]
[WhiteElo "2702"]

1. Nf3 {[%clk 0:03:03]} d5 {[%clk 0:03:03]} 2. g3 {[%clk 0:03:04]} Nf6
{[%clk 0:03:03]} 3. Bg2 {[%clk 0:03:05]} e6 {[%clk 0:03:04]} 4. O-O
{[%clk 0:03:04]} Be7 {[%clk 0:03:03]} 5. b3 {[%clk 0:03:04]} O-O {[%clk 0:03:03]}
6. Bb2 {[%clk 0:03:04]} b6 {[%clk 0:02:57]} 7. c4 {[%clk 0:03:02]} Bb7
{[%clk 0:02:57]} 8. cxd5 {[%clk 0:03:01]} exd5 {[%clk 0:02:56]} 9. d4
{[%clk 0:03:01]} Nbd7 {[%clk 0:02:52]} 10. Nc3 {[%clk 0:03:00]} c5
{[%clk 0:02:46]} 11. dxc5 {[%clk 0:02:47]} Nxc5 {[%clk 0:02:33]} 12. Nd4
{[%clk 0:02:40]} Nce4 {[%clk 0:02:29]} 13. Rc1 {[%clk 0:02:33]} Rc8
{[%clk 0:02:15]} 14. Qd3 {[%clk 0:02:05]} Bb4 {[%clk 0:02:02]} 15. a3
{[%clk 0:01:44]} Bxc3 {[%clk 0:01:57]} 16. Bxc3 {[%clk 0:01:45]} Nxc3
{[%clk 0:01:56]} 17. Rxc3 {[%clk 0:01:46]} Rxc3 {[%clk 0:01:56]} 18. Qxc3
{[%clk 0:01:46]} Ne4 {[%clk 0:01:50]} 19. Qb2 {[%clk 0:01:41]} Qd7
{[%clk 0:01:37]} 20. Rc1 {[%clk 0:01:29]} Rc8 {[%clk 0:01:29]} 21. e3
{[%clk 0:01:22]} Rxc1+ 22. Qxc1 {[%clk 0:01:23]} Qc8 {[%clk 0:01:06]} 23. Qxc8+
{[%clk 0:01:23]} Bxc8 {[%clk 0:01:08]} 24. Nc6 {[%clk 0:01:23]} Bd7
{[%clk 0:00:39]} 25. Ne7+ {[%clk 0:01:12]} Kf8 {[%clk 0:00:40]} 26. Nxd5
{[%clk 0:01:12]} Nd2 {[%clk 0:00:36]} 27. b4 {[%clk 0:00:57]} Nb1
{[%clk 0:00:35]} 28. Kf1 {[%clk 0:00:52]} Nxa3 {[%clk 0:00:31]} 29. Ke2
{[%clk 0:00:52]} a5 {[%clk 0:00:21]} 30. Kd3 {[%clk 0:00:51]} Bb5+
{[%clk 0:00:08]} 31. Kc3 {[%clk 0:00:49]} Nb1+ {[%clk 0:00:06]} 32. Kc2
{[%clk 0:00:47]} Na3+ {[%clk 0:00:05]} 33. Kb3 {[%clk 0:00:47]} Nb1
{[%clk 0:00:06]} 34. Nxb6 {[%clk 0:00:44]} axb4 {[%clk 0:00:06]} 35. Kxb4
{[%clk 0:00:44]} Be8 {[%clk 0:00:04]} 36. Nc4 {[%clk 0:00:44]} Bd7 37. Be4 1-0

[Event "blitmenteam"]
[Site "?"]
[Date "2016.10.07"]
[Round "1.18"]
[White "Tereshechkina, Maya"]
[Black "Chigaev, Maksim"]
[Result "0-1"]
[LiveChessVersion "1.4.4"]
[BlackElo "2563"]
[WhiteElo "2102"]

1. d4 {[%clk 0:03:03]} g6 {[%clk 0:03:03]} 2. c4 {[%clk 0:03:02]} Bg7
{[%clk 0:03:04]} 3. Nc3 {[%clk 0:03:03]} d6 {[%clk 0:03:05]} 4. e4
{[%clk 0:02:54]} Nc6 {[%clk 0:02:58]} 5. Be3 {[%clk 0:02:55]} e5 {[%clk 0:02:56]}
6. d5 {[%clk 0:02:44]} Nce7 {[%clk 0:02:44]} 7. Be2 {[%clk 0:02:40]} f5
{[%clk 0:02:39]} 8. f3 {[%clk 0:02:18]} Bh6 {[%clk 0:02:27]} 9. Bxh6
{[%clk 0:02:13]} Nxh6 {[%clk 0:02:27]} 10. Qd2 {[%clk 0:02:14]} Nf7
{[%clk 0:02:26]} 11. Nh3 {[%clk 0:01:51]} fxe4 {[%clk 0:02:15]} 12. fxe4
{[%clk 0:01:50]} Bxh3 {[%clk 0:02:15]} 13. gxh3 {[%clk 0:01:51]} Ng8
{[%clk 0:02:16]} 14. O-O-O {[%clk 0:01:43]} a6 {[%clk 0:02:01]} 15. Bg4
{[%clk 0:01:36]} Qg5 {[%clk 0:01:58]} 16. Qxg5 {[%clk 0:01:05]} Nxg5
{[%clk 0:01:58]} 17. h4 {[%clk 0:01:06]} Nf7 {[%clk 0:01:58]} 18. Rhf1
{[%clk 0:01:00]} Ke7 {[%clk 0:01:57]} 19. Be6 {[%clk 0:00:48]} Nfh6
{[%clk 0:01:25]} 20. Rf3 {[%clk 0:00:41]} Nf6 {[%clk 0:01:08]} 21. Rdf1
{[%clk 0:00:42]} Rhf8 {[%clk 0:01:08]} 22. h3 {[%clk 0:00:37]} Nd7
{[%clk 0:00:52]} 23. Bxd7 {[%clk 0:00:21]} Rxf3 {[%clk 0:00:52]} 24. Rxf3
{[%clk 0:00:22]} Kxd7 {[%clk 0:00:52]} 25. h5 {[%clk 0:00:18]} Ke7
{[%clk 0:00:38]} 26. hxg6 {[%clk 0:00:19]} hxg6 {[%clk 0:00:39]} 27. Ne2
{[%clk 0:00:20]} Rh8 {[%clk 0:00:37]} 28. Kd2 {[%clk 0:00:21]} Nf7
{[%clk 0:00:35]} 29. Rg3 {[%clk 0:00:22]} Kf6 {[%clk 0:00:33]} 30. Ke3
{[%clk 0:00:22]} Ng5 {[%clk 0:00:30]} 31. Ng1 {[%clk 0:00:18]} Rh4
{[%clk 0:00:21]} 32. Rg4 {[%clk 0:00:20]} Rh5 {[%clk 0:00:17]} 33. h4
{[%clk 0:00:21]} Nf7 {[%clk 0:00:15]} 34. Nf3 {[%clk 0:00:22]} Rh8
{[%clk 0:00:14]} 35. Ng5 Nxg5 {[%clk 0:00:09]} 36. hxg5+ {[%clk 0:00:25]} Ke7
{[%clk 0:00:10]} 37. Kd3 {[%clk 0:00:19]} Rh2 {[%clk 0:00:10]} 38. Kc3
{[%clk 0:00:20]} a5 {[%clk 0:00:10]} 39. a4 {[%clk 0:00:10]} c6 {[%clk 0:00:06]}
40. b3 {[%clk 0:00:10]} Rh3+ {[%clk 0:00:06]} 41. Kc2 {[%clk 0:00:11]} Kd7
{[%clk 0:00:06]} 42. Kb2 {[%clk 0:00:12]} Kc7 {[%clk 0:00:06]} 43. dxc6 bxc6
{[%clk 0:00:07]} 44. Rg2 0-1

[Event "blitmenteam"]
[Site "?"]
[Date "2016.10.07"]
[Round "1.19"]
[White "Predke, Alexandr"]
[Black "Dulenko, Maxim"]
[Result "1/2-1/2"]
[LiveChessVersion "1.4.4"]
[BlackElo "2174"]
[WhiteElo "2500"]

1. e4 {[%clk 0:03:00]} c5 {[%clk 0:03:03]} 2. Nf3 {[%clk 0:03:01]} d6
{[%clk 0:03:04]} 3. d4 {[%clk 0:03:01]} cxd4 {[%clk 0:03:05]} 4. Nxd4
{[%clk 0:03:02]} Nf6 {[%clk 0:03:06]} 5. Nc3 {[%clk 0:03:02]} a6 {[%clk 0:03:07]}
6. h3 {[%clk 0:03:02]} e6 {[%clk 0:03:05]} 7. g4 {[%clk 0:03:02]} b5
{[%clk 0:03:06]} 8. Bg2 {[%clk 0:02:57]} Bb7 {[%clk 0:03:07]} 9. g5
{[%clk 0:02:13]} Nfd7 {[%clk 0:03:00]} 10. O-O {[%clk 0:02:08]} Be7
{[%clk 0:02:53]} 11. h4 {[%clk 0:01:57]} b4 {[%clk 0:02:46]} 12. Nce2
{[%clk 0:01:56]} Nc5 {[%clk 0:02:40]} 13. Ng3 {[%clk 0:01:56]} d5
{[%clk 0:02:32]} 14. exd5 {[%clk 0:01:30]} Bxd5 {[%clk 0:02:32]} 15. Bxd5
{[%clk 0:01:30]} Qxd5 {[%clk 0:02:33]} 16. Be3 {[%clk 0:01:26]} g6
{[%clk 0:01:40]} 17. Qf3 {[%clk 0:01:00]} Qxf3 {[%clk 0:01:37]} 18. Nxf3
{[%clk 0:01:00]} Nc6 {[%clk 0:01:36]} 19. Rfd1 {[%clk 0:00:50]} Rd8
{[%clk 0:01:26]} 20. Rxd8+ {[%clk 0:00:47]} Kxd8 {[%clk 0:01:27]} 21. Rd1+
{[%clk 0:00:48]} Kc8 {[%clk 0:01:25]} 22. Kf1 {[%clk 0:00:21]} Rd8
{[%clk 0:01:26]} 23. Rxd8+ {[%clk 0:00:18]} Kxd8 {[%clk 0:01:28]} 24. Ke2
{[%clk 0:00:19]} e5 {[%clk 0:01:17]} 25. Nd2 {[%clk 0:00:15]} Kd7
{[%clk 0:01:11]} 26. Nge4 {[%clk 0:00:14]} Nxe4 {[%clk 0:01:10]} 27. Nxe4
{[%clk 0:00:15]} Ke6 {[%clk 0:00:51]} 28. Kd3 {[%clk 0:00:16]} Kd5
{[%clk 0:00:45]} 29. c4+ {[%clk 0:00:16]} bxc3 {[%clk 0:00:45]} 30. bxc3
{[%clk 0:00:12]} Na5 {[%clk 0:00:43]} 31. Nd2 {[%clk 0:00:13]} f5
{[%clk 0:00:41]} 32. gxf6 {[%clk 0:00:14]} Bxf6 {[%clk 0:00:43]} 33. c4+
{[%clk 0:00:15]} Kc6 {[%clk 0:00:44]} 34. Nb3 {[%clk 0:00:15]} Nxb3 35. axb3
{[%clk 0:00:16]} Bxh4 {[%clk 0:00:45]} 36. Ke4 {[%clk 0:00:17]} Bf6
{[%clk 0:00:46]} 37. Bh6 {[%clk 0:00:18]} Kc5 {[%clk 0:00:35]} 38. Bf8+ Kc6 39.
Bh6 {[%clk 0:00:19]} Kc5 {[%clk 0:00:35]} 40. Bf8+ {[%clk 0:00:20]} Kc6
{[%clk 0:00:36]} 41. Bh6 {[%clk 0:00:21]} Kb6 {[%clk 0:00:28]} 42. Kd5
{[%clk 0:00:18]} Ka5 {[%clk 0:00:27]} 43. Bd2+ {[%clk 0:00:11]} Kb6
{[%clk 0:00:28]} 44. c5+ {[%clk 0:00:10]} Kc7 {[%clk 0:00:29]} 45. Bh6
{[%clk 0:00:09]} Kd7 {[%clk 0:00:27]} 46. c6+ {[%clk 0:00:06]} Kc7
{[%clk 0:00:28]} 47. Ke6 {[%clk 0:00:07]} Bh8 {[%clk 0:00:26]} 48. Kd5
{[%clk 0:00:08]} Bf6 {[%clk 0:00:27]} 49. f3 {[%clk 0:00:09]} Bh8
{[%clk 0:00:21]} 50. Kc5 {[%clk 0:00:08]} Bf6 51. Kd5 Bh8 {[%clk 0:00:22]} 52.
Kc5 {[%clk 0:00:09]} Bf6 53. Kd5 {[%clk 0:00:10]} 1/2-1/2

[Event "blitmenteam"]
[Site "?"]
[Date "2016.10.07"]
[Round "1.20"]
[White "Kayukov, Kirill"]
[Black "Yuffa, Daniil"]
[Result "0-1"]
[LiveChessVersion "1.4.4"]
[BlackElo "2460"]
[WhiteElo "2263"]

1. c4 {[%clk 0:03:02]} g6 {[%clk 0:03:03]} 2. Nc3 Bg7 3. g3 {[%clk 0:03:04]} Nf6
{[%clk 0:03:05]} 4. Bg2 {[%clk 0:03:05]} O-O 5. e4 {[%clk 0:03:08]} d6
{[%clk 0:03:07]} 6. Nge2 {[%clk 0:03:08]} c5 {[%clk 0:03:08]} 7. O-O
{[%clk 0:03:08]} Nc6 {[%clk 0:03:09]} 8. d3 {[%clk 0:03:10]} Bg4 {[%clk 0:03:04]}
9. h3 {[%clk 0:03:10]} Bxe2 {[%clk 0:03:04]} 10. Nxe2 {[%clk 0:03:10]} Rb8
{[%clk 0:02:59]} 11. Rb1 {[%clk 0:03:08]} b5 {[%clk 0:02:58]} 12. cxb5
{[%clk 0:03:00]} Rxb5 {[%clk 0:02:57]} 13. Nc3 {[%clk 0:03:00]} Rb8
{[%clk 0:02:56]} 14. Be3 {[%clk 0:02:59]} Nd7 {[%clk 0:02:54]} 15. f4
{[%clk 0:02:39]} Bd4 {[%clk 0:02:54]} 16. Qd2 {[%clk 0:02:30]} Bxe3+
{[%clk 0:02:03]} 17. Qxe3 {[%clk 0:02:31]} Nd4 {[%clk 0:02:04]} 18. Ne2
{[%clk 0:02:32]} Nxe2+ {[%clk 0:02:02]} 19. Qxe2 {[%clk 0:02:32]} Qb6
{[%clk 0:01:59]} 20. Kh1 {[%clk 0:02:08]} Qb4 {[%clk 0:02:00]} 21. e5
{[%clk 0:02:02]} dxe5 {[%clk 0:01:52]} 22. fxe5 {[%clk 0:02:02]} e6
{[%clk 0:01:53]} 23. Rf4 {[%clk 0:01:44]} Qa5 {[%clk 0:01:52]} 24. b3
{[%clk 0:01:30]} Rb4 {[%clk 0:01:45]} 25. Rbf1 {[%clk 0:01:25]} Rxf4
{[%clk 0:01:39]} 26. Rxf4 {[%clk 0:01:25]} Qc3 {[%clk 0:01:40]} 27. Rc4
{[%clk 0:00:48]} Qa1+ {[%clk 0:01:26]} 28. Kh2 {[%clk 0:00:50]} Rd8
{[%clk 0:01:19]} 29. Re4 {[%clk 0:00:28]} Nb6 {[%clk 0:01:12]} 30. Rf4
{[%clk 0:00:28]} Nd7 {[%clk 0:01:05]} 31. Re4 {[%clk 0:00:28]} Nb6
{[%clk 0:00:49]} 32. Rf4 {[%clk 0:00:29]} Rd4 {[%clk 0:00:50]} 33. Qf2
{[%clk 0:00:16]} Rxf4 34. Qxf4 {[%clk 0:00:17]} Nd7 {[%clk 0:00:34]} 35. Qa4
{[%clk 0:00:12]} Nxe5 {[%clk 0:00:33]} 36. Qxa7 {[%clk 0:00:13]} Nxd3
{[%clk 0:00:31]} 37. a4 {[%clk 0:00:06]} Qb2 {[%clk 0:00:31]} 38. Qa6
{[%clk 0:03:02]} 0-1

[Event "blitmenteam"]
[Site "?"]
[Date "2016.10.07"]
[Round "2.2"]
[White "Morozevich, Alexander"]
[Black "Paravyan, David"]
[Result "1-0"]
[LiveChessVersion "1.4.4"]
[BlackElo "2579"]
[WhiteElo "2669"]

1. e4 {[%clk 0:03:03]} c5 {[%clk 0:03:03]} 2. Nf3 {[%clk 0:03:03]} Nc6
{[%clk 0:03:04]} 3. d4 {[%clk 0:03:04]} cxd4 {[%clk 0:03:05]} 4. Nxd4
{[%clk 0:03:05]} Nf6 {[%clk 0:03:06]} 5. Nc3 {[%clk 0:03:05]} e5 {[%clk 0:03:07]}
6. Ndb5 {[%clk 0:03:06]} d6 {[%clk 0:03:08]} 7. Bg5 {[%clk 0:03:07]} a6
{[%clk 0:03:09]} 8. Na3 {[%clk 0:03:09]} b5 {[%clk 0:03:10]} 9. Nd5
{[%clk 0:03:10]} Be7 {[%clk 0:03:11]} 10. Bxf6 {[%clk 0:03:11]} Bxf6
{[%clk 0:03:12]} 11. c4 {[%clk 0:03:12]} bxc4 {[%clk 0:03:07]} 12. Nxc4
{[%clk 0:03:11]} O-O {[%clk 0:02:59]} 13. Bd3 {[%clk 0:02:34]} Be6
{[%clk 0:02:54]} 14. O-O {[%clk 0:02:35]} Bxd5 {[%clk 0:02:52]} 15. exd5
{[%clk 0:02:36]} Nd4 {[%clk 0:02:38]} 16. b4 {[%clk 0:02:33]} Rc8
{[%clk 0:02:03]} 17. Na5 {[%clk 0:02:34]} Qb6 {[%clk 0:02:01]} 18. Rb1
{[%clk 0:02:35]} g6 {[%clk 0:01:43]} 19. Qd2 {[%clk 0:02:23]} Rc7
{[%clk 0:01:24]} 20. Nc4 {[%clk 0:02:09]} Qb7 {[%clk 0:01:24]} 21. Nxd6
{[%clk 0:01:55]} Qxd5 {[%clk 0:01:22]} 22. Ne4 {[%clk 0:01:56]} Bg7
{[%clk 0:01:04]} 23. Rfd1 {[%clk 0:01:57]} Nb5 {[%clk 0:00:14]} 24. a4
{[%clk 0:01:52]} Na3 {[%clk 0:00:08]} 25. Rbc1 {[%clk 0:01:49]} Rfc8
{[%clk 0:00:05]} 26. Rxc7 {[%clk 0:01:18]} Rxc7 {[%clk 0:00:06]} 27. g4
{[%clk 0:01:19]} Nc4 {[%clk 0:00:05]} 28. Bxc4 {[%clk 0:01:20]} Qxc4
{[%clk 0:00:03]} 29. Qd8+ {[%clk 0:01:21]} Bf8 {[%clk 0:00:04]} 30. Nf6+
{[%clk 0:01:22]} Kg7 {[%clk 0:00:03]} 31. Qxc7 {[%clk 0:01:16]} Qe6
{[%clk 0:00:04]} 32. g5 {[%clk 0:01:11]} h6 {[%clk 0:00:05]} 33. h4
{[%clk 0:01:13]} hxg5 {[%clk 0:00:06]} 34. hxg5 {[%clk 0:01:14]} Qf5
{[%clk 0:00:07]} 35. Qc1 {[%clk 0:01:07]} e4 {[%clk 0:00:03]} 36. Qe3
{[%clk 0:01:07]} Bxb4 {[%clk 0:00:03]} 37. Rd5 {[%clk 0:01:05]} Qc8
{[%clk 0:00:03]} 38. Nxe4 {[%clk 0:01:03]} Qc6 {[%clk 0:00:03]} 39. Qd4+
{[%clk 0:01:04]} 1-0